Underrated Cities according to ChatGPT - Statistics

General Stats
  • This quiz has been taken 32 times
  • The average score is 7 of 20
Answer Stats
# Answer % Correct
7 Krakow
57%
14 Warsaw
57%
11 Zagreb
54%
20 Belgrade
50%
2 Budapest
50%
9 Ljubljana
50%
5 Porto
50%
10 Seville
46%
1 Lisbon
39%
19 Cork
29%
12 Marseille
29%
16 Rotterdam
29%
17 Bratislava
25%
8 Bruges
25%
6 Montreal
25%
13 San Sebastian
21%
15 Granada
18%
18 Leipzig
18%
3 Mexico City
18%
4 Dubrovnik
14%
No matching quizzes found
Score Distribution
Percent of People with Each Score
Percentile by Number Answered
Your Score History
You have not taken this quiz